| 000 | 00689nam a2200181Ia 4500 | ||
|---|---|---|---|
| 005 | 20250423100835.0 | ||
| 008 | 250422s9999 xx 000 0 und d | ||
| 020 | _a9780813390475 | ||
| 050 | _aF 866.4.R43.W35/ | ||
| 100 | _aWallison, Peter J. | ||
| 245 | 0 | _aRonald Reagan: the power of conviction and the success of his presidency | |
| 260 | _aWashington, D.C | ||
| 260 | _bPolitical Profiles, inc. | ||
| 260 | _c1980 | ||
| 300 | _a314 p | ||
| 650 | _aPresidents--United States--Election--1980. United States--Politics and government--1977-1981. United States--Economic policy--1971-1981. United States--Social policy. United States--Foreign relations--1977-1981. | ||
| 942 | _cBK | ||
| 999 |
_c34499 _d34499 |
||